000 00281nam a2200121Ia 4500
008 190216s9999||||xx |||||||||||||| ||und||
100 _aNull
245 0 _aHindi-Namil Shob Mukth Kabi Naynumar
260 _bPoorna Pubs Kozhikode
300 _a191
650 _aHindi
942 _cBK
999 _c15938
_d15938